000 00889nam a2200289 i 4500
001 000008382
003 DO-SdBNP
005 20240108103822.0
006 a||||gr|||| 00| 0
007 ta
008 090916t2003 dr a 000 0 spa d
020 _a999343299
040 _aDO-SdBNP
_bspa
_cBNPHU
_erda
049 _aBNPD
082 4 _a920
_bG993r
_222
100 1 _aGúzman, Cecilia
_9794
_eautora
245 1 0 _aRemembranzas... /
_cCecilia Gúzman ; prólogo, Ismaela Tavárez.
264 4 _aSanto Domingo :
_bLetra Gráfica,
_c2003.
300 _a124 páginas :
_bIlustraciones ;
_c22 cm.
336 _2rdacontent
_atexto
_btxt
337 _2rdamedia
_asin mediación
_bn
338 _2rdacarrier
_avolumen
_bnc
590 _aInventariado 2024 / MF
600 1 4 _aGuzmán Belliard, Cecilia,
_vAutobiografía
_922606
700 1 _aTavárez, Ismaela,
_eprólogo
_922607
942 _2ddc
_cLBS1
999 _c8153
_d8153